Statistiche per Riconosci la Squadra di calcio - Quiz n°324

Clicka qui per fare il quiz!

Statistiche generali

  • Questo quiz è stato fatto 6 volte
  • Il punteggio medio è 6 su 9

Statistiche sulle risposte

IndizioRisposta% Corretto
Colori socialiGiallo, blu
100%
Divisione nazionale 2023-2024Prima
83%
Titoli nazionali4 Campionati argentini
67%
ConfederazioneCONMEBOL
67%
Fondazione1889
50%
Trofei nazionali1 Copa Argentina
1 Copa de la Liga Profesional
1 Copa Ibarguren
1 Copa de Competencia La Nación
1 Copa de Honor Municipalidad de Buenos Aires
1 Copa de Competencia Jockey Club
1 Copa de Competencia Asociación Amateurs
50%
Trofei internazionali1 Coppe CONMEBOL
50%
Capienza Stadio49 000 posti
50%
SquadraRosario Central
33%

Distribuzione punteggi

Percentile per numero di risposta

Percentuale di utenti per punteggio

I tuoi punteggi nel tempo

Non hai fatto questo quiz